| 000 | 00761cam1a220022900 4500 | ||
|---|---|---|---|
| 001 | lce00607349 | ||
| 008 | 711108s1967 mduabc b 000 0 eng | ||
| 010 | _a 67022890 | ||
| 035 | _a(Sirsi) r110783 | ||
| 035 | _a(DLC) 67022890 | ||
| 035 | _a(UPRA)lce00607349 | ||
| 043 | _af-cg--- | ||
| 050 | 0 |
_aJX1977.2.C57 _bL44 |
|
| 082 | _a341.13/9/675 | ||
| 100 | 1 |
_aLefever, Ernest W. _6A5745.1 |
|
| 245 | 1 | 0 |
_aUncertain mandate; politics of the U.N. Congo operation _c[by] Ernest W. Lefever. |
| 260 |
_aBaltimore, _bJohns Hopkins Press _c[1967] |
||
| 504 | _aBibliography: p. 239-246. | ||
| 610 | 2 | 0 |
_aUnited Nations -- Zaire. _zUnited Nations -- Zaire. _6S32311.1 |
| 949 |
_aJX1977.2.C57 _wlcc _i33729001782627 _mMAIN _p2500 _tBOOK _lON-SHELF |
||
| 004 | 110783 | ||
| 999 |
_c183866 _d183866 |
||